Statistiques concernant Pays avec des lettres uniques

Cliquez ici pour prendre le quiz!

Statistiques générales

  • Ce quiz a été pris 195 fois
    (175 depuis la dernière actualisation)
  • Le résultat moyen est 31 sur 55

Statistiques - réponses

Réponse% Correct
France
96%
Japon
87%
Maroc
86%
Chine
82%
Inde
81%
Portugal
75%
Irlande
74%
Islande
73%
Libye
73%
Pérou
72%
Brésil
70%
Laos
70%
Irak
67%
Iran
66%
Liban
65%
Mali
65%
Soudan
63%
Malte
61%
Cuba
60%
Niger
59%
Viêt-Nam
59%
Oman
58%
Israël
56%
Syrie
56%
Kenya
55%
Zambie
55%
Hongrie
54%
Tchad
54%
Koweït
53%
Ukraine
53%
Népal
52%
Bahreïn
51%
Bhoutan
51%
Tonga
51%
Chypre
50%
Gabon
49%
Gambie
49%
Croatie
48%
Roumanie
48%
Autriche
47%
Brunei
47%
Moldavie
47%
Surinam
47%
Bulgarie
46%
Cambodge
46%
Honduras
45%
Jordanie
45%
Singapour
44%
Slovaquie
44%
Somalie
44%
Maurice
39%
Cap-Vert
35%
Maldives
35%
Cameroun
34%
Ouzbékistan
26%

Distribution des résultats

Percentile par nombre de réponses

% des personnes avec chaque résultat

Votre développement - résultats

Vous n’avez pas pris ce quiz depuis la dernière actualisation